Top 50 des pays les plus riches du monde - Statistiques

Statistiques générales
  • Ce quiz a été pris 775 fois
  • Le résultat moyen est 36 sur 50
Statistiques - réponses
Numéro Continent PIB Pays % Correct
Numéro 1 Asie 25 270,07 Chine
98%
Numéro 2 Amerique 20 494,05 Etats-Unis
98%
Numéro 10 Europe 2 962,80 France
98%
Numéro 4 Asie 5 450,25 Japon
95%
Numéro 6 Europe 4 356,35 Allemagne
94%
Numéro 7 Asie 4 213,40 Russie
94%
Numéro 17 Amerique 1 836,82 Canada
93%
Numéro 5 Amerique 4 830,98 Brésil
92%
Numéro 15 Europe 1 864,42 Espagne
90%
Numéro 3 Asie 10 505,29 Inde
90%
Numéro 12 Europe 2 397,40 Italie
90%
Numéro 11 Amerique 2 569,81 Mexique
89%
Numéro 9 Europe 3 037,79 Royaume Uni
89%
Numéro 20 Océanie 1 296,29 Australie
84%
Numéro 39 Europe 542,04 Suisse
84%
Numéro 14 Asie 2 136,32 Corée du Sud
83%
Numéro 29 Amerique 789,42 Argentine
81%
Numéro 48 Europe 390,34 Norvège
79%
Numéro 23 Europe 1 168,52 Pologne
78%
Numéro 40 Europe 516,34 Suède
78%
Numéro 38 Europe 548,48 Belgique
77%
Numéro 36 Afrique 565,81 Algérie
75%
Numéro 27 Europe 952,57 Pays-Bas
74%
Numéro 30 Afrique 761,70 Afrique du Sud
73%
Numéro 13 Europe 2 292,51 Turquie
73%
Numéro 16 Asie 1 857,53 Arabie Saoudite
71%
Numéro 8 Asie 3 494,74 Indonésie
71%
Numéro 21 Afrique 1 251,49 Egypte
70%
Numéro 45 Europe 457,48 Autriche
69%
Numéro 25 Asie 999,40 Pakistan
67%
Numéro 19 Asie 1 320,36 Thaïlande
67%
Numéro 43 Amerique 480,49 Chili
64%
Numéro 50 Europe 385,85 Irlande
64%
Numéro 49 Europe 390,34 Ukraine
64%
Numéro 33 Asie 710,31 Emirats Arabes Unis
63%
Numéro 18 Asie 1 610,68 Iran
63%
Numéro 32 Amerique 723,68 Colombie
62%
Numéro 34 Asie 673,25 Viêt-Nam
61%
Numéro 37 Asie 550,50 Singapour
57%
Numéro 24 Afrique 1 141,40 Nigéria
56%
Numéro 46 Amerique 395,87 Pérou
56%
Numéro 41 Europe 508,64 Roumanie
55%
Numéro 35 Asie 657,46 Irak
54%
Numéro 26 Asie 969,23 Malaisie
50%
Numéro 28 Asie 915,13 Philippines
50%
Numéro 47 Europe 395,87 Republique Tchèque
50%
Numéro 22 Asie 1 212,93 Taïwan
49%
Numéro 42 Asie 481,76 Kazakhstan
47%
Numéro 31 Asie 744,70 Bangladesh
46%
Numéro 44 Asie 463,22 Hong Kong
15%
Aucun quiz correspondant
Distribution des résultats
% des personnes avec chaque résultat
Percentile par nombre de réponses
Votre historique - résultats
Vous n’avez pas pris ce quiz